000 00728nam a2200253Ia 4500
003 OSt
005 20220928113610.0
006 a|||||r|||| 00| 0
007 ta
008 220927b |||||||| |||| 00| 0 eng d
020 _c2397.1007
024 _a113993
037 _b158, 01/11/2011, Pioneer Book Distributors
_cTextual
040 _aSDCL
_cSDCL
_beng
041 _2eng
_aeng
082 _aZOaW, Q0
100 _aTravers Max
_9434006
245 0 _aUnderstanding law and society.
260 _aOxon
_bRoutledge
_c2010
300 _avii,220p
_ccm.
650 _aPolitical Science
942 _hZOaW, Q0
_cTEXL
_2CC
999 _c750404
_d750404